Datum a čas kvízu
46
Celkem bodů
Celkový počet nahraných bodů na tomto kvízu bez doplňovacích otázek.
1.
Pořadí na kvízu
Konečné umístění týmu na tomto kvízu.
Zaznamenané odpovědi
| # | Otázka | Odpověď | Body | Výsledky |
|---|---|---|---|---|
| 1. | Minulý týden jsme sledovali po... | v Turecku | 1 | |
| 2. | Parlamentní volby v Maďarsku s... | TISZA | 1 | |
| 3. | Kterému rapperovi byl zakázán... | Kanyemu Westovi | 1 | |
| 4. | Kterému živočichovi, jenž pomá... | A | 1 | |
| 5. | Desátý hráč žebříčku ATP utrpě... | Daniil Medveděv | 1 | |
| 6. | Vaším prvním úkolem v dnešním... | 1D 2A 3B 4C | 0 | |
| 7. | Poznejte gangsterku dle stručn... | Dannyho parťáci (Ocean's Eleven) | 1 | |
| 8. | Italští herci Carlo Pedersoli... | Bud Spencer a Terence Hill | 1 | |
| 9. | Gangster, na kterého se ptáme,... | Jabba Hutt | 0 | |
| 10. | Uveďte jméno i příjmení postav... | John Wick | 1 |